| 000 | 00404nam a22001457a 4500 | ||
|---|---|---|---|
| 005 | 20180130105611.0 | ||
| 008 | 180130b xxu||||| |||| 00| 0 eng d | ||
| 040 | _cPK-LaUMT | ||
| 082 |
_aPKAC 297.09 _bABD-I |
||
| 100 | _aAbdul Hameed Saddiqi | ||
| 245 |
_aIslam ka falsafal tareekh/ _cAbdul Hameed Saddiqi |
||
| 260 |
_aلاہور: _bمکتبہ چراغ راہ، _c1954 |
||
| 300 | _a133 | ||
| 942 | _cBK | ||
| 999 |
_c102447 _d102447 |
||